LEADER 00981nam a2200229 i 4500 001 000000201566 003 CaOOAMICUS 005 20110502000000.0 008 110502s1870 it u000 u ita u 013 $a180268 040 $aSeMil$bita 100 1 $aBonini, Costantino.$0(OLS)http://semarc/name/72839 245 10$aDella perfezione dei contratti fra assenti /$cper Costantino Bonini studente di legge nella Università di Bologna. 260 $aBologna :$bSoc. Tip. dei Compositori,$c1870. 300 $a30 p. ;$c21 cm. 650 4$aItalia - Diritto civile - Contratti - Sec. 19.$0(OLS)http://semarc/subject/37849 773 0 $t[Miscellanea.$w()24860 850 $aSeMil 852 $aSeMil$W1$xVenegono$y1$m5B II 11/3 FA$j152092$B152092$CSeMilBibl$Z2$F163268 $8I 961 $aRecupero: Altro 996 $6245$aDella perfezione dei contratti fra assenti$9(OLS)http://semarc/title/291696 996 $6260$aBologna :$bSoc. Tip. dei Compositori$9(OLS)http://semarc/publisher/51622 LEADER 01113nam a2200205 i 4500 001 000000048563 003 CaOOAMICUS 005 19960527000000.0 008 960527n xx u000 u lat u 013 $a19733 040 $aSeMil$bita 245 10$aCommentaria in Aristotelis libros Peri Hermeneias et posteriorum analyticorum. 300 $aCCCXLVI, 438 p. ;$c44 cm. 650 4$aAristotele <384-322 a.C.> . De interpretatione.$0(OLS)http://semarc/subject/6169 700 1 $aZigliara, Tommaso Maria,$c.$0(OLS)http://semarc/name/3289 700 0 $aTommaso : d'Aquino,$c.$0(OLS)http://semarc/name/423 773 0 $aTommaso : d'Aquino $tSancti Thomae de Aquino Opera omnia.$dRomae : Ex Typographia polyglotta S. C. de Propaganda fide : [poi]... Typis R. Garroni : [poi]...apud sedem Commissionis Leoninae, 1882.$gTomus1$w()1323 850 $aSeMil 852 $aSeMil$W1$xVenegono$y1$mSL1.V VIII 3$j14718$B14718$CSeMilBibl$Z2$F14718 $8I 996 $6245$aCommentaria in Aristotelis libros Peri Hermeneias et posteriorum analyticorum$9(OLS)http://semarc/title/73520